000 01916cam a2200553 4500
008 031028n2003 000 0 eng u
020 _a0406964408
035 _a(Sirsi) u124080
041 _aeng
050 _a346.41043
_c18
245 _aModern law of real property and trusts
260 _aLondon
_bButterworths
_c2003
300 _axlix, 332p.
_c26cm
350 _a29.95
505 _aTrusts: the inessentials
505 _aUsucapio and the law of trusts
505 _aFormality and informality in property and contract
505 _aThe motive, not the deed
505 _aRestitution through the looking glass: restitution within equity and equity within restitution
505 _aProfessional liability in the will-making process
505 _aForm and substance
505 _aTackling avoidance
505 _aRegistered land - a law unto itself?
505 _aThe rhetoric of realty
505 _aRoman and English prescription for incorporeal property
505 _aReading Roman law with Edward Burn.
520 _aA collection of essays in honour of Edward Burn, a leading expert in English property and trust law as well an academic and writer. Tables of statutes and cases.
650 _aPROPERTY TRUSTS
650 _aEQUITY
650 _aPROPERTY LAW
650 _aREGISTERED LAND
650 _aREAL PROPERTY
690 _aPROPERTY
700 _aGetzler, Joshua
_xEditor
700 _aHonore, Tony
700 _aHackney, Jeffrey
700 _aCartwright, John
700 _aSmith, Lionel
700 _aVirgo, Graham
700 _aSlade, Christopher John
_cSir
_d1927-
700 _aTempleman of White Lackington,Sydney William Templeman
_cBaron
_d1920-
700 _aMcFarlane, Ben
700 _aSimpson, Edwin
700 _aHarpum, Charles
700 _aGray, Kevin
700 _aGray, Susan Francis
700 _aSmart, Ann
942 _n0
999 _c103133
_d103133